00871nam a2200277 a 450000100060000000300100000600500170001600700030003300800410003602000180007704000300009508200250012510000400015024000380019024500760022825000180030430000280032233600270035033700330037733800280041049000260043865000340046465000310049865000330052965000310056259706CO-BoRNBP20251029190645.0ta150318r2014 ck gr 0001p spa d a9789588519463 aCO-BoBLA bspa cCO-BoBLA04aCo861.6 bJ17t5 2191 aJaramillo Agudelo, Darío, d1947-10aAntioquia-Bibliografía regional10aTreinta y dos poemas : buna antología / cDarío Jaramillo Agudelo. a1a. edición a49 páginas ; c21 cm. 2rdacontentatextobtxt 2rdamediaasin mediaciónbn 2rdacarrieravolumenbnc1 aColección CantaRana 7aPoesía colombiana.2BLAAUTO 7aPoesía amorosa.2BLAAUTO 7aSoledadvPoesías.2BLAAUTO 7aNochevPoesías.2BLAAUTO